L'Enseignement dans la République Tchécoslovaque (Record no. 122310)

MARC details
000 -LEADER
campo de control de longitud fija 00608nam a2200157 i 4500
001 - NÚMERO DE CONTROL
campo de control 122310
003 - IDENTIFICADOR DE NÚMERO DE CONTROL
campo de control ES-MaACL
005 - FECHA Y HORA DE LA ÚLTIMA TRANSACCIÓN
campo de control 20230906191943.0
007 - CAMPO FIJO DE DESCRIPCIÓN FÍSICA--INFORMACIÓN GENERAL
campo de control de longitud fija t|
008 - DATOS DE LONGITUD FIJA--INFORMACIÓN GENERAL
campo de control de longitud fija 070524s1920 xr ||||1| fre d
100 1# - ENTRADA PRINCIPAL--NOMBRE DE PERSONA
Nombre de persona Mauer, Jean.
9 (RLIN) 79185
245 12 - MENCIÓN DEL TÍTULO
Título L'Enseignement dans la République Tchécoslovaque
Resto del título : notes présentées á nos amis de l'étranger par L'Institut Pédagogique J. A. Komensky prés le Ministère de L'Instruction Publique, Prague /
Mención de responsabilidad, etc. rédige par Jean Mauer.
260 ## - PUBLICACIÓN, DISTRIBUCIÓN, ETC.
Lugar de publicación, distribución, etc. Prague :
Nombre del editor, distribuidor, etc. L'Effort de la Tchécoslóvaque,
Fecha de publicación, distribución, etc. 1920.
300 ## - DESCRIPCIÓN FÍSICA
Extensión 62 p. ;
Dimensiones 24 cm.
852 ## - LOCALIZACIÓN
Ubicación ES-MaACL
Número de control de estantería 1604-F-8
Holdings
Estatus retirado Estado de pérdida Estado de daño No para préstamo Colección Biblioteca de origen Biblioteca actual Ubicación en estantería Fecha de adquisición Fuente de adquisición Total de préstamos Signatura topográfica completa Código de barras Visto por última vez Precio de reemplazo Tipo de ítem Koha
        Colección de folletos Biblioteca del Ateneo de Madrid Biblioteca del Ateneo de Madrid Depósito folletos 17/01/2008     1604-F-8 1127454 23/02/2023 23/02/2023 Folleto